Score 0/20 Timer 06:00
1 Play Today
% Correct
Cactus
94.2%
Arsenic
94.2%
Termites
93.9%
Overflowing
93.5%
Greasy
93.2%
Skunk
93.1%
Monster
92.9%
Sauerkraut
92.4%
Nauseate
91.9%
Unwashed
91.2%
% Correct
Moldy
91.2%
Rubbish
91.1%
Splotched
90.9%
Stink
90.4%
Mangled
90.4%
Seasick
87.4%
Gunk
86.6%
Sots
83.9%
Deplorable
80.9%
Rotter
71.8%
Remove Ads.
Support Sporcle.
Get the best of Sporcle when you Go Orange. This ad-free experience offers more features, more stats, and more fun while also helping to support Sporcle. Thank you for becoming a member.

You're not logged in!

Compare scores with friends on all Sporcle quizzes.
OR
Log In

Show Comments

Extras

Top Quizzes Today


Score Distribution

Your Account Isn't Verified!

In order to create a playlist on Sporcle, you need to verify the email address you used during registration. Go to your Sporcle Settings to finish the process.

Report this User

Report this user for behavior that violates our Community Guidelines.

Details: